ARRUPE JESUIT UNIVERSITY

CORONAVIRUS -STOP THE SPREAD - CLEAN,DISINFECT,COVER

Malawi : (Record no. 124434)

MARC details
000 -LEADER
fixed length control field 00989mam a2200313 a 4500
001 - CONTROL NUMBER
control field 1569242
003 - CONTROL NUMBER IDENTIFIER
control field ARRUPE
005 - DATE AND TIME OF LATEST TRANSACTION
control field 20160322120709.0
008 - FIXED-LENGTH DATA ELEMENTS--GENERAL INFORMATION
fixed length control field 940428s1993 enkab b 000 0 eng d
010 ## - LIBRARY OF CONGRESS CONTROL NUMBER
LC control number gb 94085763
015 ## - NATIONAL BIBLIOGRAPHY NUMBER
National bibliography number GB94-85763
020 ## - INTERNATIONAL STANDARD BOOK NUMBER
International Standard Book Number 185287113X
035 ## - SYSTEM CONTROL NUMBER
System control number (OCoLC)32823025
035 ## - SYSTEM CONTROL NUMBER
System control number (OCoLC)ocm32823025
035 ## - SYSTEM CONTROL NUMBER
System control number (NNC)1569242
040 ## - CATALOGING SOURCE
Original cataloging agency EMT
Transcribing agency EMT
Modifying agency UKM
082 04 - DEWEY DECIMAL CLASSIFICATION NUMBER
Classification number 968.9704
Edition number 20
300 ## - PHYSICAL DESCRIPTION
Other physical details ill., map ;
Dimensions 20 cm.
245 00 - TITLE STATEMENT
Title Malawi :
Remainder of title a moment of truth.
Statement of responsibility, etc Catholic Institute for International Relations
260 ## - PUBLICATION, DISTRIBUTION, ETC. (IMPRINT)
Place of publication, distribution, etc [London :
Name of publisher, distributor, etc Catholic Institute for International Relations,
Date of publication, distribution, etc 1993]
300 ## - PHYSICAL DESCRIPTION
Extent 31 p. :
490 1# - SERIES STATEMENT
Series statement CIIR Comment series
500 ## - GENERAL NOTE
General note Cover title.
504 ## - BIBLIOGRAPHY, ETC. NOTE
Bibliography, etc Includes bibliographical references (p. 31)
650 #0 - SUBJECT ADDED ENTRY--TOPICAL TERM
Topical term or geographic name as entry element Politics
Geographic subdivision Malawi
Chronological subdivision 1964-1994
9 (RLIN) 23185
710 2# - ADDED ENTRY--CORPORATE NAME
Corporate name or jurisdiction name as entry element Catholic Institute for International Relations.
9 (RLIN) 23186
830 #0 - SERIES ADDED ENTRY--UNIFORM TITLE
Uniform title Comment (London, England)
9 (RLIN) 23187
900 ## - EQUIVALENCE OR CROSS-REFERENCE-PERSONAL NAME [LOCAL, CANADA]
Numeration TOC
942 ## - ADDED ENTRY ELEMENTS (KOHA)
Source of classification or shelving scheme Library of Congress Classification
Koha item type Monograph ( Printed materials)
Holdings
Withdrawn status Lost status Source of classification or shelving scheme Damaged status Not for loan Collection code Home library Current library Shelving location Date acquired Total Checkouts Full call number Barcode Date last seen Date checked out Price effective from Koha item type
    Library of Congress Classification     Main Collection ARRUPE LIBRARY ARRUPE LIBRARY Main Collection 22/03/2016 3 DT3232.M35 1993 46500007089 02/05/2023 16/02/2023 22/03/2016 Monograph ( Printed materials)

 

Arrupe Library. PO Box MP320 Mt Pleasant, Harare, Zimbabwe
263 242 745411|librarian@aju.ac.zw